Nombres de países que son válidos en Jetpunk - Estadísticas

Estadísticas generales
  • Esta prueba ha sido intentada 27 veces
    22 desde el último reinicio
  • La puntuación promedio es 7 de 20
Answers on the Grid
Answers color-coded by a green-red scale on the quiz's grid according to % correct below.
MARSHALL
SALOMON
BOTSWANA
BORUNDI
CAMBODIA
QATAR
RPC
EAU
EUA
UAE
CPR
COLUMBIA
RPDC
COTEDEIVOIRE
COSTARRICA
CROECIA
SALVADOR
SUAZILANDIA
FIJI
GANA
GUAYANA
HUNGARIA
IRAQ
ISREAL
KAZJETPUNKSTAN
KYRGUISTAN
COSOVO
FYROM
MEJICO
MYAMNAR
PARAGUAS
CHEQUIA
RWANDA
SYRIA
SURAFRICA
SIUZA
TAYIQUISTAN
TOBAGO
ZIMBAGUE
ESPANA
 
Estadísticas de respuestas
Respuesta % Correcto
QATAR
75%
IRAQ
60%
CHEQUIA
55%
MEJICO
55%
ESPANA
50%
BOTSWANA
45%
EAU
45%
SUAZILANDIA
40%
SURAFRICA
35%
GUAYANA
30%
RPC
30%
RPDC
30%
EUA
25%
SALOMON
25%
COLUMBIA
20%
COTEDEIVOIRE
20%
FYROM
15%
HUNGARIA
15%
ISREAL
15%
KAZJETPUNKSTAN
5%
No se encontraron pruebas coincidentes
Distribución de puntuación
Porcentaje de gente con cada puntuación
Porcentaje por número respondido
Historial de tus puntuaciones
No has intentado esta prueba desde el último reinicio